000 00175nam a2200073Ia 4500
008 170620s9999 xx 000 0 und d
100 _aChoudhary
245 0 _aBAL VIKAS KE MANOVEGYANIC ADHAR
260 _bAPOLO
999 _c26930
_d26930